[Event "Thematic 3"]
[Site "SchemingMind.com"]
[Date "2022.04.29"]
[Round "-"]
[White "maro"]
[Black "Chessibelle"]
[Result "1-0"]
[WhiteCountry "MEX"]
[BlackCountry "ENG"]
[WhiteElo "1425"]
[WhiteRD "62"]
[BlackElo "1063"]
[BlackRD "65"]
[GameID "723091"]

1. e4 c5 2. Nf3 Nc6 3. d4 cxd4 4. Nxd4 Nf6 5. Nc3 e5 6. Ndb5 d6 7. Bg5 Be7 8. Bc4 O-O 9. a3 Na5 10. Ba2 a6
11. Nxd6 Bxd6 12. O-O Nc6 13. Nd5 Be6 14. Qf3 Be7 15. Rad1 Nd4 16. Qe3 Rc8 17. Nxf6+ gxf6 18. Bh6 f5 19. Qg3+
1-0

[Event "Thematic 3"]
[Site "SchemingMind.com"]
[Date "2022.04.29"]
[Round "-"]
[White "Chessibelle"]
[Black "maro"]
[Result "0-1"]
[WhiteCountry "ENG"]
[BlackCountry "MEX"]
[WhiteElo "1063"]
[WhiteRD "65"]
[BlackElo "1425"]
[BlackRD "62"]
[GameID "723092"]

1. e4 c5 2. Nf3 Nc6 3. d4 cxd4 4. Nxd4 Nf6 5. Nc3 e5 6. Ndb5 d6 7. h3 a6 8. Na3 Be6 9. b3 d5 10. Be2 d4
11. Ncb1 Bb4+ 12. Bd2 Nxe4 13. Nc4 Qh4 14. c3 Qxf2#
0-1

[Event "Thematic 3"]
[Site "SchemingMind.com"]
[Date "2022.05.20"]
[Round "-"]
[White "maro"]
[Black "Phillip Beckett"]
[Result "0-1"]
[WhiteCountry "MEX"]
[BlackCountry "ENG"]
[WhiteElo "1425"]
[WhiteRD "62"]
[BlackElo "1476"]
[BlackRD "54"]
[GameID "723690"]

1. e4 c5 2. Nf3 Nc6 3. d4 cxd4 4. Nxd4 Nf6 5. Nc3 e5 6. Ndb5 d6 7. Bc4 Be7 8. Bxf7+ Kxf7 9. Nd5 Nxd5 10. Qxd5+ Be6
11. Qd2 a6 12. Nc3 Rf8 13. Qe2 Kg8 14. Be3 Bg5 15. h4 Bxe3 16. Qxe3 Nd4 17. O-O-O b5 18. f4 Qa5 19. a3 b4 20. axb4 Qa1+
21. Nb1 Ba2 22. Kd2 Bxb1 23. f5 Qxb2 24. Ke1 Nxc2+
0-1

[Event "Thematic 3"]
[Site "SchemingMind.com"]
[Date "2022.05.20"]
[Round "-"]
[White "Phillip Beckett"]
[Black "maro"]
[Result "1-0"]
[WhiteCountry "ENG"]
[BlackCountry "MEX"]
[WhiteElo "1500"]
[WhiteRD "55"]
[BlackElo "1426"]
[BlackRD "66"]
[GameID "723691"]

1. e4 c5 2. Nf3 Nc6 3. d4 cxd4 4. Nxd4 Nf6 5. Nc3 e5 6. Ndb5 d6 7. Bg5 Be7 8. Bxf6 Bxf6 9. Be2 a6 10. Na3 Nd4
11. Bf3 O-O 12. Nd5 Bg5 13. c3 Nc6 14. O-O f5 15. exf5 Bxf5 16. Ne3 Be6 17. Nac2 Bf4 18. Nd5 Bxd5 19. Bxd5+ Kh8 20. Ne3 Ne7
21. Bb3 Ng6 22. Nd5 Qg5 23. Nxf4 Nxf4 24. g3 Ng6 25. Bc2 Nh4 26. Qd3 Nf3+ 27. Kg2 Qh5 28. Qxh7+ Qxh7 29. Bxh7 Kxh7 30. Rad1 Rad8
31. Rd3 e4 32. Rd5 Kh6 33. Rfd1 Rde8 34. Rxd6+ g6 35. Rb6 e3 36. fxe3 Rxe3 37. Rdd6 Ne1+ 38. Kh3 Kh5 39. Rxg6 Rf4 40. Rh6+ Kg5
41. Rbg6+ Kf5 42. Rf6+ Ke4 43. Rxf4+ Kd3 44. Rd6+ Kc2 45. Rb4
1-0

[Event "Thematic 3"]
[Site "SchemingMind.com"]
[Date "2022.05.20"]
[Round "-"]
[White "Phillip Beckett"]
[Black "Chessibelle"]
[Result "1-0"]
[WhiteCountry "ENG"]
[BlackCountry "ENG"]
[WhiteElo "1476"]
[WhiteRD "54"]
[BlackElo "1063"]
[BlackRD "65"]
[GameID "723692"]

1. e4 c5 2. Nf3 Nc6 3. d4 cxd4 4. Nxd4 Nf6 5. Nc3 e5 6. Ndb5 d6 7. Bg5 Be7 8. Bxf6 Bxf6 9. Be2 g6 10. O-O O-O
11. Nd5 Bg7 12. Nbc7 Rb8 13. Kh1 f5 14. exf5 Bxf5 15. f4 a6 16. Bc4 Kh8 17. fxe5 Qc8 18. exd6 Bxb2 19. Rb1 Be5 20. Ne7 Nxe7
21. dxe7 Bxc7 22. exf8=Q+ Qxf8 23. Qd4+
1-0

[Event "Thematic 3"]
[Site "SchemingMind.com"]
[Date "2022.05.20"]
[Round "-"]
[White "Chessibelle"]
[Black "Phillip Beckett"]
[Result "0-1"]
[WhiteCountry "ENG"]
[BlackCountry "ENG"]
[WhiteElo "1063"]
[WhiteRD "65"]
[BlackElo "1476"]
[BlackRD "54"]
[GameID "723693"]

1. e4 c5 2. Nf3 Nc6 3. d4 cxd4 4. Nxd4 Nf6 5. Nc3 e5 6. Ndb5 d6 7. Be2 Be7 8. O-O a6 9. Na3 b5 10. Nd5 O-O
11. b4 Nxd5 12. Qxd5 Qc7 13. Qd2 Nd4 14. Bd3 Be6 15. c3 Nc6 16. Qe3 f5 17. Qh3 Qd7 18. Qe3 f4 19. Qd2 Rf6 20. f3 Rg6
21. Kf2 Bh4+ 22. Kg1 Bh3 23. Rf2 Bxf2+ 24. Kf1 Be3 25. Qe2 Rxg2 26. Qe1 Rf2+ 27. Kg1 Rf1#
0-1

[Event "Thematic 3"]
[Site "SchemingMind.com"]
[Date "2022.06.07"]
[Round "-"]
[White "Geoffrey Rosser"]
[Black "maro"]
[Result "1-0"]
[WhiteCountry "ENG"]
[BlackCountry "MEX"]
[WhiteElo "1879"]
[WhiteRD "60"]
[BlackElo "1424"]
[BlackRD "65"]
[GameID "724176"]

1. e4 c5 2. Nf3 Nc6 3. d4 cxd4 4. Nxd4 Nf6 5. Nc3 e5 6. Ndb5 d6 7. Bg5 Be7 8. Bxf6 Bxf6 9. Nd5 O-O 10. Nxf6+ Qxf6
11. Qxd6 Qg5 12. Qd2 Qxd2+ 13. Kxd2 Bg4 14. f3 Rad8+ 15. Ke3 Bh5 16. Bd3 Bg6 17. a3 f5 18. Nc7 f4+ 19. Kf2 Nd4 20. Rad1 Rf6
21. Bc4+ Kh8 22. c3 Nc6 23. Bd5 Ne7 24. Bxb7 Rxd1 25. Rxd1 h6 26. Rd8+ Kh7 27. Nd5 Nxd5 28. Bxd5 Rb6 29. Bg8+ Kh8 30. Bf7+ Kh7
31. Bxg6+ Kxg6 32. Rd2 a5 33. Ke2 Kf6 34. Kd1 h5 35. Kc2 g5 36. Rd5
1-0

[Event "Thematic 3"]
[Site "SchemingMind.com"]
[Date "2022.06.06"]
[Round "-"]
[White "maro"]
[Black "Geoffrey Rosser"]
[Result "0-1"]
[WhiteCountry "MEX"]
[BlackCountry "ENG"]
[WhiteElo "1424"]
[WhiteRD "65"]
[BlackElo "1879"]
[BlackRD "60"]
[GameID "724177"]

1. e4 c5 2. Nf3 Nc6 3. d4 cxd4 4. Nxd4 Nf6 5. Nc3 e5 6. Ndb5 d6 7. Bg5 a6 8. Na3 b5 9. Nd5 Be6 10. Nxf6+ gxf6
11. Bh4 Bg7 12. c3 O-O 13. Be2 d5 14. exd5 Bxd5 15. Qd2 Ne7 16. O-O-O Qc7 17. f3 b4 18. Nc2 Nf5 19. Bf2 bxc3 20. bxc3 Bxa2
21. Nb4 Bh6 22. f4 Bxf4 23. Be3 Bxe3 24. Qxe3 Nxe3 25. Rd3 Qa5
0-1

[Event "Thematic 3"]
[Site "SchemingMind.com"]
[Date "2022.06.06"]
[Round "-"]
[White "Geoffrey Rosser"]
[Black "Phillip Beckett"]
[Result "1-0"]
[WhiteCountry "ENG"]
[BlackCountry "ENG"]
[WhiteElo "1879"]
[WhiteRD "60"]
[BlackElo "1541"]
[BlackRD "57"]
[GameID "724178"]

1. e4 c5 2. Nf3 Nc6 3. d4 cxd4 4. Nxd4 Nf6 5. Nc3 e5 6. Ndb5 d6 7. Bg5 a6 8. Na3 Be7 9. Bxf6 gxf6 10. Bc4 Be6
11. Bxe6 fxe6 12. Qh5+ Kd7 13. Qh3 Nd4 14. O-O-O Kc7 15. f4 Rc8 16. Qe3 Kb8 17. fxe5 dxe5 18. Kb1 Qa5 19. Ne2 Nxe2 20. Qxe2 Bxa3
21. bxa3 Qxa3 22. Rd3 Rc3 23. Rxc3 Qxc3 24. Qd3 Qb4+ 25. Qb3 Qe7 26. Rd1 Rc8 27. Qb6 Qc7 28. Qxc7+ Rxc7 29. Rf1 Rc4 30. Rxf6 Rxe4
31. Rxe6 Re2 32. h4 Rxg2 33. Rxe5 Rg7 34. Kb2 Rg4 35. Rh5 Rg7 36. c4 Rc7 37. Kb3 Ka7 38. a4 b6 39. a5 bxa5 40. Rxa5 Rb7+
41. Kc3 Rg7 42. Rd5 Rg3+ 43. Kb4 Rg4 44. Rd7+ Kb6 45. Rxh7 a5+ 46. Kb3 Kc5 47. Rh5+ Kb6 48. Rb5+ Ka6 49. h5 Rh4 50. Rd5 Rh3+
51. Ka4 Rh4 52. Rxa5+ Kb6 53. Kb4 Rh1 54. Rb5+ Kc6 55. Rg5 Rb1+ 56. Kc3 Rc1+ 57. Kd3 Rd1+ 58. Kc2 Rd4 59. c5 Rh4 60. Kd3 Ra4
61. Ke3 Ra8 62. Kd4 Ra4+ 63. Ke5 Ra5 64. Ke6 Ra6 65. Kf7 Ra7+ 66. Kg6 Ra6 67. Rf5 Kd7+ 68. Kg7 Ke8 69. h6 Ra7+ 70. Kg8 Ra6
71. Re5+ Kd8 72. h7 Rg6+ 73. Kf7 Rh6 74. Kg7
1-0

[Event "Thematic 3"]
[Site "SchemingMind.com"]
[Date "2022.06.06"]
[Round "-"]
[White "Phillip Beckett"]
[Black "Geoffrey Rosser"]
[Result "0-1"]
[WhiteCountry "ENG"]
[BlackCountry "ENG"]
[WhiteElo "1500"]
[WhiteRD "55"]
[BlackElo "1863"]
[BlackRD "61"]
[GameID "724179"]

1. e4 c5 2. Nf3 Nc6 3. d4 cxd4 4. Nxd4 Nf6 5. Nc3 e5 6. Ndb5 d6 7. Bg5 a6 8. Na3 Be7 9. Bxf6 Bxf6 10. Be2 O-O
11. Nd5 Be6 12. c3 Bg5 13. Nc2 Bxd5 14. Qxd5 Qb6 15. O-O Qxb2 16. Qb3 Qxb3 17. axb3 Bd2 18. c4 Bc3 19. Rad1 Nd4 20. Nxd4 Bxd4
21. Kh1 f5 22. exf5 Rxf5 23. Bd3 Rf6 24. f3 Rb8 25. Be4 b5 26. cxb5 Rxb5 27. Bc2 Ra5 28. Rfe1 Rf4 29. Rxd4 Rxd4 30. Be4 Ra2
31. Bb7 a5 32. Ba6 Rdd2 33. Rg1 Rab2 34. Bc4+ d5
0-1

[Event "Thematic 3"]
[Site "SchemingMind.com"]
[Date "2022.06.06"]
[Round "-"]
[White "Geoffrey Rosser"]
[Black "Chessibelle"]
[Result "1-0"]
[WhiteCountry "ENG"]
[BlackCountry "ENG"]
[WhiteElo "1863"]
[WhiteRD "61"]
[BlackElo "1042"]
[BlackRD "69"]
[GameID "724180"]

1. e4 c5 2. Nf3 Nc6 3. d4 cxd4 4. Nxd4 Nf6 5. Nc3 e5 6. Ndb5 d6 7. Bg5 Be7 8. Bxf6 Bxf6 9. Nxd6+ Ke7 10. Nxc8+ Qxc8
11. Nd5+ Ke6 12. Bc4 Qe8 13. Nc7+
1-0

[Event "Thematic 3"]
[Site "SchemingMind.com"]
[Date "2022.06.06"]
[Round "-"]
[White "Chessibelle"]
[Black "Geoffrey Rosser"]
[Result "0-1"]
[WhiteCountry "ENG"]
[BlackCountry "ENG"]
[WhiteElo "1042"]
[WhiteRD "69"]
[BlackElo "1863"]
[BlackRD "61"]
[GameID "724181"]

1. e4 c5 2. Nf3 Nc6 3. d4 cxd4 4. Nxd4 Nf6 5. Nc3 e5 6. Ndb5 d6 7. f3 a6 8. Na3 b5 9. Nd5 Nxd5 10. exd5 Nd4
11. c3 Nf5 12. h3 Qh4+ 13. Ke2 Ng3+ 14. Kd3 Nxh1 15. Kc2 Bf5+ 16. Kb3 Qa4#
0-1

[Event "Thematic 3"]
[Site "SchemingMind.com"]
[Date "2022.06.06"]
[Round "-"]
[White "Geoffrey Rosser"]
[Black "ray winteringham"]
[Result "1-0"]
[WhiteCountry "ENG"]
[BlackCountry "ENG"]
[WhiteElo "1863"]
[WhiteRD "61"]
[BlackElo "1421"]
[BlackRD "49"]
[GameID "724188"]

1. e4 c5 2. Nf3 Nc6 3. d4 cxd4 4. Nxd4 Nf6 5. Nc3 e5 6. Ndb5 d6 7. Bg5 Be7 8. Bxf6 Bxf6 9. Nd5 O-O 10. Nxf6+ Qxf6
11. Qxd6 Qxd6 12. Nxd6 Nd4 13. O-O-O Rd8 14. Nb5 Be6 15. Nc7 Rac8 16. Nxe6 Nxe6 17. Rxd8+ Rxd8 18. Bc4 Ng5 19. Bd5 h6 20. Bxb7 a5
21. Rd1 Rb8 22. Rd7 Kf8 23. Bd5 f6 24. Rf7+ Ke8 25. Rxg7
1-0

[Event "Thematic 3"]
[Site "SchemingMind.com"]
[Date "2022.06.06"]
[Round "-"]
[White "ray winteringham"]
[Black "Geoffrey Rosser"]
[Result "0-1"]
[WhiteCountry "ENG"]
[BlackCountry "ENG"]
[WhiteElo "1421"]
[WhiteRD "49"]
[BlackElo "1863"]
[BlackRD "61"]
[GameID "724189"]

1. e4 c5 2. Nf3 Nc6 3. d4 cxd4 4. Nxd4 Nf6 5. Nc3 e5 6. Ndb5 d6 7. Bg5 a6 8. Bxf6 gxf6 9. Na3 b5 10. b4 Nxb4
11. Be2 Nc6 12. Nab1 f5 13. O-O Bg7 14. Bf3 Nd4 15. exf5 Ra7 16. Be4 Bb7 17. Bxb7 Rxb7 18. Qg4 O-O 19. Qd1 Qf6 20. Qd3 Qxf5
21. Nd5 Qxd3 22. cxd3 Nc2 23. Nbc3 Nxa1 24. Rxa1 Rc8 25. g3 e4 26. Nxe4 Bxa1 27. Nxd6 Rc1+ 28. Kg2 Rd7 29. Nf6+ Bxf6
0-1

[Event "Thematic 3"]
[Site "SchemingMind.com"]
[Date "2022.06.06"]
[Round "-"]
[White "maro"]
[Black "ray winteringham"]
[Result "1-0"]
[WhiteCountry "MEX"]
[BlackCountry "ENG"]
[WhiteElo "1426"]
[WhiteRD "66"]
[BlackElo "1421"]
[BlackRD "49"]
[GameID "724190"]

1. e4 c5 2. Nf3 Nc6 3. d4 cxd4 4. Nxd4 Nf6 5. Nc3 e5 6. Ndb5 d6 7. Bc4 Bd7 8. Nxd6+ Bxd6 9. Qxd6 Qe7 10. Nb5 O-O
11. Bg5 Qxd6 12. Nxd6 Rab8 13. O-O-O Bg4 14. f3 Bh5 15. g4 Bg6 16. h4 h6 17. Be3 a6 18. h5 Bh7 19. g5 hxg5 20. Bxg5 Ne8
21. Nxf7 Rxf7 22. Rd7 g6 23. hxg6 Bxg6 24. f4 Rd8 25. Rxd8 Bxe4 26. Rxe8+ Kg7 27. Bh6+ Kf6 28. fxe5+ Kg6 29. Rg8+ Kf5 30. Rf1+
1-0

[Event "Thematic 3"]
[Site "SchemingMind.com"]
[Date "2022.06.06"]
[Round "-"]
[White "ray winteringham"]
[Black "maro"]
[Result "1/2-1/2"]
[WhiteCountry "ENG"]
[BlackCountry "MEX"]
[WhiteElo "1440"]
[WhiteRD "50"]
[BlackElo "1424"]
[BlackRD "65"]
[GameID "724191"]

1. e4 c5 2. Nf3 Nc6 3. d4 cxd4 4. Nxd4 Nf6 5. Nc3 e5 6. Ndb5 d6 7. Bg5 Be7 8. Bxf6 Bxf6 9. Nd5 O-O 10. Bd3 Qa5+
11. c3 a6 12. Nxd6 Bg5 13. O-O g6 14. b4 Qd8 15. Nxc8 Rxc8 16. f3 Ne7 17. c4 Nxd5 18. cxd5 Qb6+ 19. Kh1 Rc7 20. a3 Bf4
21. g3 Be3 22. g4 g5 23. Qe2 Bf4 24. Rfd1 Rd8 25. Kg2 Rd6 26. Ra2 Rh6 27. h3 Rh4 28. Rh1 Qd4 29. Re1 Rc3 30. Rd1 Bc1
31. Bxa6 Qb6 32. Bd3 Bxa3 33. Qd2 Bxb4 34. Qb2 Qd4 35. Ra4 Qe3 36. Rxb4 Rxd3 37. Rxd3 Qxd3 38. Rxb7 Rh6 39. Rb8+ Kg7 40. Qxe5+ Rf6
41. Rg8+ Kxg8 42. Qxf6 Qd2+ 43. Kf1=
1/2-1/2

[Event "Thematic 3"]
[Site "SchemingMind.com"]
[Date "2022.06.07"]
[Round "-"]
[White "Phillip Beckett"]
[Black "ray winteringham"]
[Result "0-1"]
[WhiteCountry "ENG"]
[BlackCountry "ENG"]
[WhiteElo "1500"]
[WhiteRD "55"]
[BlackElo "1421"]
[BlackRD "49"]
[GameID "724192"]

1. e4 c5 2. Nf3 Nc6 3. d4 cxd4 4. Nxd4 Nf6 5. Nc3 e5 6. Ndb5 d6 7. Bg5 Bg4 8. Bxf6 Bxd1 9. Bxd8 Bxc2 10. Bg5 Rc8
11. Rc1 a6 12. Na3 Nd4 13. Be3 Ba4 14. b3 d5 15. bxa4 Bxa3 16. Bd3 Bb4 17. Bd2 dxe4 18. Nxe4 Rxc1#
0-1

[Event "Thematic 3"]
[Site "SchemingMind.com"]
[Date "2022.06.06"]
[Round "-"]
[White "ray winteringham"]
[Black "Phillip Beckett"]
[Result "1-0"]
[WhiteCountry "ENG"]
[BlackCountry "ENG"]
[WhiteElo "1421"]
[WhiteRD "49"]
[BlackElo "1500"]
[BlackRD "55"]
[GameID "724193"]

1. e4 c5 2. Nf3 Nc6 3. d4 cxd4 4. Nxd4 Nf6 5. Nc3 e5 6. Ndb5 d6 7. f4 a6 8. fxe5 dxe5 9. Qxd8+ Kxd8 10. Na3 b5
11. Nd5 Nxd5 12. exd5 Bxa3 13. dxc6 Bb4+ 14. c3 Ba5 15. Be2 Kc7 16. O-O Rb8 17. Rxf7+ Kxc6 18. Bf3+ Kb6 19. Be3#
1-0

[Event "Thematic 3"]
[Site "SchemingMind.com"]
[Date "2022.06.07"]
[Round "-"]
[White "Chessibelle"]
[Black "ray winteringham"]
[Result "0-1"]
[WhiteCountry "ENG"]
[BlackCountry "ENG"]
[WhiteElo "1042"]
[WhiteRD "69"]
[BlackElo "1421"]
[BlackRD "49"]
[GameID "724195"]

1. e4 c5 2. Nf3 Nc6 3. d4 cxd4 4. Nxd4 Nf6 5. Nc3 e5 6. Ndb5 d6 7. g3 Be7 8. Be2 Bd7 9. O-O a6 10. Na3 b5
11. b4 Nxb4 12. Bf3 O-O 13. Ne2 h6 14. Be3 d5 15. c3 Nc6 16. Nc2 Bh3 17. Re1 dxe4 18. Bh1 Ng4 19. Qc1 Rc8 20. f3 exf3
21. Bxf3 Qd7 22. Rb1 Qf5 23. Bxg4 Qxg4 24. Kf2 Bh4 25. Rg1 Qf5+ 26. Ke1 Bf6 27. Bf2 b4 28. Ne3 Qe4 29. a3 bxa3 30. Ra1 Nb4
31. Qxa3 Nd3+ 32. Kd2 Nxf2 33. Qxa6 Rfd8+ 34. Kc1 Nd3+ 35. Kd1 Nc5+ 36. Ke1 Nxa6
0-1

[Event "Thematic 3"]
[Site "SchemingMind.com"]
[Date "2022.06.07"]
[Round "-"]
[White "Geoffrey Rosser"]
[Black "Gilligan"]
[Result "1-0"]
[WhiteCountry "ENG"]
[BlackCountry "USA"]
[WhiteElo "1879"]
[WhiteRD "60"]
[BlackElo "1623"]
[BlackRD "63"]
[GameID "724221"]

1. e4 c5 2. Nf3 Nc6 3. d4 cxd4 4. Nxd4 Nf6 5. Nc3 e5 6. Ndb5 d6 7. Bg5 a6 8. Na3 Be6 9. Nc4 Rc8 10. Bxf6 Qxf6
11. Nxd6+ Bxd6 12. Qxd6 Nd4 13. Bd3 Rd8 14. Qb4 b5 15. Ne2 Nc6 16. Qa3 Bc4 17. Bxc4 bxc4 18. Qxa6 Qe6 19. Qa3 Ne7 20. Qa4+ Rd7
21. Rd1 Nc6 22. Qa8+ Nd8 23. Rxd7 Qxd7 24. Nc3 O-O 25. Qd5 Qc7 26. O-O Qb6 27. Qb5 Qe6 28. Nd5 f6 29. Qxc4 Kh8 30. Ne3 Qb6
31. Rb1 Ne6 32. a4 Nd4 33. b4 g6 34. a5 Qd6 35. c3 Ne6 36. a6 Nc7 37. b5 Ra8 38. Nd5 Nxd5 39. Qxd5 Qf8 40. c4 Rd8
41. Qe6 Rd6 42. Qh3 Rd4 43. Qb3 Qa8 44. f3 f5 45. Ra1 fxe4 46. b6 Rd3 47. Qb2 exf3 48. b7 Qa7+ 49. Qf2 Qb8 50. a7 Rd1+
51. Rxd1 Qxb7 52. Rd8+ Kg7 53. a8=Q Qb1+ 54. Qf1 Qb6+ 55. Kh1 f2 56. Rg8+ Kh6 57. Qf8+ Kg5 58. Qc1+ Kh5 59. Qd1+ Kg5 60. h4+ Kxh4
61. Qh6+ Kg3 62. Qg5#
1-0

[Event "Thematic 3"]
[Site "SchemingMind.com"]
[Date "2022.06.07"]
[Round "-"]
[White "Gilligan"]
[Black "Geoffrey Rosser"]
[Result "0-1"]
[WhiteCountry "USA"]
[BlackCountry "ENG"]
[WhiteElo "1623"]
[WhiteRD "63"]
[BlackElo "1879"]
[BlackRD "60"]
[GameID "724222"]

1. e4 c5 2. Nf3 Nc6 3. d4 cxd4 4. Nxd4 Nf6 5. Nc3 e5 6. Ndb5 d6 7. Bg5 a6 8. Na3 b5 9. Nd5 Bb7 10. c3 h6
11. Bxf6 gxf6 12. Qf3 Bg7 13. Be2 O-O 14. O-O Re8 15. Nc2 Re6 16. Nce3 Ne7 17. Rad1 Nxd5 18. exd5 Qf8 19. Qg3 Ree8 20. Nf5 Kh8
21. Rfe1 Rad8 22. Bf3 Qg8 23. Re4 Qh7 24. Nxh6 Bxh6 25. Rh4 Bc8 26. Be2 Rg8 27. Qf3 Rg6 28. Bd3 f5 29. Bxf5 Bxf5 30. Qxf5 Rxg2+
31. Kxg2 Qxf5 32. Rxh6+ Kg7 33. Rh3 Rh8 34. Rg3+ Kf8 35. Rdd3 e4 36. Rd2 Rg8 37. b3 Qf3+ 38. Kg1 Rxg3+ 39. hxg3 e3 40. Re2 Qxe2
0-1

[Event "Thematic 3"]
[Site "SchemingMind.com"]
[Date "2022.06.07"]
[Round "-"]
[White "maro"]
[Black "Gilligan"]
[Result "0-1"]
[WhiteCountry "MEX"]
[BlackCountry "USA"]
[WhiteElo "1424"]
[WhiteRD "65"]
[BlackElo "1623"]
[BlackRD "63"]
[GameID "724224"]

1. e4 c5 2. Nf3 Nc6 3. d4 cxd4 4. Nxd4 Nf6 5. Nc3 e5 6. Ndb5 d6 7. Be3 a6 8. Na3 Rb8 9. Be2 Be7 10. h3 O-O
11. Nc4 b5 12. Bb6 Qd7 13. Be3 bxc4 14. Bxc4 Na5 15. Qe2 Nxc4 16. Qxc4 a5 17. O-O-O Rb4 18. Qd3 Qc6 19. f3 Ba6 20. Qd2 Rfb8
21. b3 a4 22. Nd5 Nxd5 23. exd5 Qc7 24. Kb2 Bf6 25. Bg5 Qe7 26. Bxf6 Qxf6 27. Ka3 axb3 28. axb3 R4b7 29. Qa5 Bb5 30. c4 Qe7
31. Kb2 Ra7 32. Qc3 Bd7 33. g4 Rab7 34. Kc2 Qg5 35. h4 Qg6+ 36. Kd2 Rxb3 37. Qa5 Qd3+ 38. Ke1 Qe3+ 39. Kf1 Qxf3+ 40. Kg1 Qg3+
0-1

[Event "Thematic 3"]
[Site "SchemingMind.com"]
[Date "2022.06.07"]
[Round "-"]
[White "Gilligan"]
[Black "Phillip Beckett"]
[Result "1-0"]
[WhiteCountry "USA"]
[BlackCountry "ENG"]
[WhiteElo "1628"]
[WhiteRD "61"]
[BlackElo "1500"]
[BlackRD "55"]
[GameID "724225"]

1. e4 c5 2. Nf3 Nc6 3. d4 cxd4 4. Nxd4 Nf6 5. Nc3 e5 6. Ndb5 d6 7. Bg5 a6 8. Na3 Be7 9. Nc4 O-O 10. Bxf6 gxf6
11. Nd5 Be6 12. Bd3 Nd4 13. c3 Nc6 14. O-O b5 15. Nce3 Bxd5 16. exd5 Na5 17. Qh5 e4 18. Bxe4 f5 19. Bxf5 Kg7 20. Qxh7+ Kf6
21. Qh6+ Ke5 22. f4#
1-0

[Event "Thematic 3"]
[Site "SchemingMind.com"]
[Date "2022.06.07"]
[Round "-"]
[White "Phillip Beckett"]
[Black "Gilligan"]
[Result "0-1"]
[WhiteCountry "ENG"]
[BlackCountry "USA"]
[WhiteElo "1500"]
[WhiteRD "55"]
[BlackElo "1628"]
[BlackRD "61"]
[GameID "724226"]

1. e4 c5 2. Nf3 Nc6 3. d4 cxd4 4. Nxd4 Nf6 5. Nc3 e5 6. Ndb5 d6 7. Bg5 a6 8. Na3 Be6 9. Bxf6 gxf6 10. Be2 Nd4
11. Nd5 Qa5+ 12. c3 Nxe2 13. Qxe2 Bxd5 14. exd5 Qxd5 15. O-O Rg8 16. c4 Qxg2#
0-1

[Event "Thematic 3"]
[Site "SchemingMind.com"]
[Date "2022.06.07"]
[Round "-"]
[White "Gilligan"]
[Black "ray winteringham"]
[Result "1-0"]
[WhiteCountry "USA"]
[BlackCountry "ENG"]
[WhiteElo "1628"]
[WhiteRD "61"]
[BlackElo "1421"]
[BlackRD "49"]
[GameID "724227"]

1. e4 c5 2. Nf3 Nc6 3. d4 cxd4 4. Nxd4 Nf6 5. Nc3 e5 6. Ndb5 d6 7. Bg5 Bd7 8. Nd5 Be7 9. Ndc7+ Kf8 10. Nxa8 Qxa8
11. Bxf6 Bxf6 12. Qxd6+ Be7 13. Qxd7 g6 14. O-O-O Bg5+ 15. Kb1 Kg7 16. Bc4 Rf8 17. h4 Rd8 18. Qxf7+ Kh6 19. hxg5+ Kxg5 20. Rdf1 Rf8
21. f4+ Kg4 22. Be2+ Kg3 23. Qb3+
1-0

[Event "Thematic 3"]
[Site "SchemingMind.com"]
[Date "2022.06.07"]
[Round "-"]
[White "ray winteringham"]
[Black "Gilligan"]
[Result "0-1"]
[WhiteCountry "ENG"]
[BlackCountry "USA"]
[WhiteElo "1421"]
[WhiteRD "49"]
[BlackElo "1628"]
[BlackRD "61"]
[GameID "724228"]

1. e4 c5 2. Nf3 Nc6 3. d4 cxd4 4. Nxd4 Nf6 5. Nc3 e5 6. Ndb5 d6 7. Bg5 a6 8. Bxf6 Qxf6 9. Nc7+ Kd7 10. Nxa8 b5
11. Nb6+ Kd8 12. Ncd5 Qe6 13. Bd3 Be7 14. O-O Qg6 15. c4 Bb7 16. Qf3 Nd4 17. Qg3 Bxd5 18. exd5 f5 19. Qxg6 hxg6 20. a4 Kc7
21. a5 e4 22. Bb1 Bf6 23. Ra2 Be5 24. b4 bxc4 25. Rd1 Bxh2+ 26. Kf1 Be5 27. Kg1 g5 28. Nxc4 Bf6 29. Ne3 g6 30. Bc2 Ne2+
31. Kf1 Nc3 32. Raa1 Rh1#
0-1

[Event "Thematic 3"]
[Site "SchemingMind.com"]
[Date "2022.06.07"]
[Round "-"]
[White "Chessibelle"]
[Black "Gilligan"]
[Result "0-1"]
[WhiteCountry "ENG"]
[BlackCountry "USA"]
[WhiteElo "1042"]
[WhiteRD "69"]
[BlackElo "1628"]
[BlackRD "61"]
[GameID "724230"]

1. e4 c5 2. Nf3 Nc6 3. d4 cxd4 4. Nxd4 Nf6 5. Nc3 e5 6. Ndb5 d6 7. Be2 a6 8. Na3 Be7 9. Bd3 O-O 10. Ne2 b5
11. c3 Be6 12. f3 Qb6 13. Nc2 d5 14. b4 dxe4 15. fxe4 Ng4 16. h3 Qf2+ 17. Kd2 Bg5+ 18. Ne3 Nxe3 19. Qe1 Nxg2+
0-1